| 000 | 01075 a2200205 4500 | ||
|---|---|---|---|
| 003 | Nust | ||
| 005 | 20220817093529.0 | ||
| 010 | _a 99061917 | ||
| 020 | _a8120316312 | ||
| 040 | _cNust | ||
| 082 | 0 | 0 | _a005.133,LIB |
| 100 | 1 |
_aLiberty, Jesse. _956830 |
|
| 245 | 1 | 0 |
_aC++ from scratch / _cJesse Liberty. |
| 260 |
_aIndianapolis, Ind. : _bQue, _cc1999. |
||
| 300 |
_aix, 417 p. : _bill. ; _c23 cm. + _e1 computer optical disc (4 3/4 in.) |
||
| 440 | 0 |
_aJesse Liberty's from scratch programming series _997531 |
|
| 505 | _aIntroduction (Page-1), An Introductions to C++ (Page-5), Getting Started (Page-27), Program Flow (Page-53), Greeting Classes (Page-71), Playing the Game (Page-95), Using Linked Lists (Page-137), The Canonical Methods (Page-173), Using Polymorphism (Page-203), Leveraging the Standard Template Library (Page-253), The Computer Guesses (Page-271) Delegating Responsibility (Page-299), Persistence (Page-331), Introduction Exceptions (Page-373), Next Steps (Page-391). | ||
| 650 | 0 | _aC++ (Computer program language) | |
| 942 |
_2ddc _cBK _k005.133,LIB |
||
| 999 |
_c179323 _d179323 |
||